Представление документа в формате RUSMARC

ПолеНазваниеЗначение
  Тип записи a
  Библиографический уровень a
001 Контрольный номер RU/CBS_UL/BASE/572738794
005 Дата корректировки 20250124001022.9
100 Данные общей обработки __
a Данные общей обработки 20180223d2018 ||| 0rusy0189 ca
101 Язык документа 0_
a Язык текста rus
102 Страна публикации __
a Страна публикации RU
105 Кодированные данные (монография) __
a Кодированные данные (монография) y###||||000|y
200 Заглавие и сведения об ответственности 1_
a Заглавие "Пластов был поистине народным художником"
b Общее обозначение материала Текст
e Сведения, относящиеся к заглавию [к 125-летию со дня рождения живописца А. Пластова]
f Первые сведения об ответственности М. Иванова
300 Общие примечания __
a Общие примечания Ограничения по возрасту - 12+
461 Уровень набора _0
1 2000
a Культура
463 Уровень физической единицы _0
1 001RU/CBS_UL/BASE/572480125
1 2000
a № 4 (2 февраля)
v С. 2.
1 210
d 2018
600 Персоналии _0
a Персоналии (Фамилия) Пластов
b Персоналии (Имя, инициалы) А.А.
606 Тематические рубрики 0_
a Основная рубрика Пластов, Аркадий Александрович (1893-1972)
610 Ключевые слова 0_
a Ключевые слова искусство
a Ключевые слова живопись
a Ключевые слова краеведение
a Ключевые слова художники
a Ключевые слова художественная культура
686 Индексы других классификаций __
a Классификационный индекс 85.143(2)
2 Код системы ББК
700 Автор _1
a Фамилия Иванова
b Имя (инициалы) М.
801 Источник записи _0
a Страна RU
b Организация МБУК ЦБС г. Ульяновска
c Дата составления 20180223
g Правила каталогизации RCR
801 Источник записи _1
a Страна RU
b Организация МБУК ЦБС г. Ульяновска
c Дата составления 20180223
g Правила каталогизации RCR
901 Тип документа __
t Тип документа f
w Контрольный № источника RU/CBS_UL/BASE/572480125
910 Корректоры записи __
a Корректор записи Библиотека 8
938 Служебная информация __
a Имя БД period